5HLuxD.jpg

KING HENRY VIII SENIOR AND PRIMARY SCHOOL LIBRARY OPAC

Pyramids / (Record no. 2201)

000 -LEADER
fixed length control field 01440nam a2200301 i 4500
003 - CONTROL NUMBER IDENTIFIER
control field OSt
005 - DATE AND TIME OF LATEST TRANSACTION
control field 20230327114042.0
008 - FIXED-LENGTH DATA ELEMENTS--GENERAL INFORMATION
fixed length control field 170504s2017 dcuao j 000 0deng d
020 ## - INTERNATIONAL STANDARD BOOK NUMBER
International Standard Book Number 9781426326905
040 ## - CATALOGING SOURCE
Original cataloging agency ICU/DLC
Language of cataloging eng
Description conventions rda
Transcribing agency CGU
Modifying agency DLC
-- YDXCP
-- BTCTA
-- OCLCO
-- OCLCF
-- BDX
-- VTL
-- BKL
-- JAS
-- CaOL
-- KH8
082 ## - DEWEY DECIMAL CLASSIFICATION NUMBER
Classification number 932.01 MAR
100 1# - MAIN ENTRY--PERSONAL NAME
Personal name Marsh, Laura F.,
Relator term author.
245 10 - TITLE STATEMENT
Title Pyramids /
Statement of responsibility, etc. Laura Marsh.
264 #1 - PRODUCTION, PUBLICATION, DISTRIBUTION, MANUFACTURE, AND COPYRIGHT NOTICE
Place of production, publication, distribution, manufacture Washington, DC :
Name of producer, publisher, distributor, manufacturer National Geographic,
Date of production, publication, distribution, manufacture, or copyright notice [2017]
300 ## - PHYSICAL DESCRIPTION
Extent 32 pages :
Other physical details illustrations (chiefly colour) ;
Dimensions 24 cm.
336 ## - CONTENT TYPE
Content type term text
Source rdacontent.
336 ## - CONTENT TYPE
Content type term still image
Source rdacontent.
337 ## - MEDIA TYPE
Media type term unmediated
Source rdamedia.
338 ## - CARRIER TYPE
Carrier type term volume
Source rdacarrier.
490 1# - SERIES STATEMENT
Series statement National Geographic kids readers, Level 1, Starting to read.
520 ## - SUMMARY, ETC.
Summary, etc. Travel to ancient Egypt to learn all about its amazing pyramids in this new National Geographic Kids Reader. The Level 1 text provides accessible, yet wide-ranging, information for beginning readers about these amazing wonders of the world and their importance today. --Publisher.
650 #0 - SUBJECT ADDED ENTRY--TOPICAL TERM
Topical term or geographic name entry element Pyramids
Geographic subdivision Egypt
Form subdivision Juvenile literature
-- Pictorial works.
650 #0 - SUBJECT ADDED ENTRY--TOPICAL TERM
Topical term or geographic name entry element Great Pyramid (Egypt)
Form subdivision Juvenile literature
-- Pictorial works.
650 #0 - SUBJECT ADDED ENTRY--TOPICAL TERM
Topical term or geographic name entry element Pharaohs
General subdivision Tombs
Form subdivision Juvenile literature
-- Pictorial works.
651 #0 - SUBJECT ADDED ENTRY--GEOGRAPHIC NAME
Geographic name Egypt
General subdivision Kings and rulers
-- Tombs
Form subdivision Juvenile literature
-- Pictorial works.
830 #0 - SERIES ADDED ENTRY--UNIFORM TITLE
Uniform title National Geographic kids readers.
Number of part/section of a work Level 1.
942 ## - ADDED ENTRY ELEMENTS (KOHA)
Source of classification or shelving scheme
Koha item type Books - Non Ficton
Holdings
Withdrawn status Lost status Source of classification or shelving scheme Damaged status Not for loan Collection code Permanent Location Current Location Shelving location Date acquired Total Checkouts Full call number Barcode Date last seen Date last checked out Price effective from Koha item type
          Non-Fiction KH8 Primary School Library KH8 Primary School Library Non Fiction 2023-03-27 5 932.01 MAR KHPL000003947 2026-03-06 2026-02-13 2023-03-27 Books - Non Ficton

Powered By KH8 IT Dept